Statistics for PC Shortcuts Quiz

Click here to take the quiz!

General Stats

  • This quiz has been taken 820 times
  • The average score is 10 of 17

Answer Stats

ShortcutAction% Correct
Ctrl+VPaste
95%
Ctrl+CCopy
94%
Ctrl+XCut
84%
Ctrl+ZUndo
79%
Ctrl+SSave
75%
Ctrl+PPrint
75%
Ctrl+BBold
71%
Ctrl+UUnderline
70%
Ctrl+IItalic
66%
F1Help
64%
Ctrl+YRedo
59%
Ctrl+ASelect All
58%
Ctrl+FFind
54%
Ctrl+TCreate Tab
31%
Shift+InsPaste
15%
Ctrl+InsCopy
14%
Ctrl+DCreate Bookmark
13%

Score Distribution

Percentile by Number Answered

Percent of People with Each Score

Your Score History

You have not taken this quiz